| 000 | 00454nam a22001697a 4500 | ||
|---|---|---|---|
| 003 | OSt | ||
| 005 | 20151027153926.0 | ||
| 008 | 131026b xxu||||| |||| 00| 0 eng d | ||
| 050 |
_aN 58 _b.V834Gu 2007 |
||
| 110 | _aInternational Baccalaureate Organization | ||
| 245 |
_aVisual arts : _bdiploma programme guide |
||
| 260 |
_aBuenos Aires: _bIBO, _cc2007. |
||
| 300 |
_a33 p. : _c30 cm. |
||
| 650 | _aVisual Arts. | ||
| 942 |
_2lcc _cBK |
||
| 999 |
_c13318 _d13318 |
||